| 000 | 00618nam a22001577a 4500 | ||
|---|---|---|---|
| 999 |
_c329428 _d329428 |
||
| 003 | Nust | ||
| 005 | 20170505125837.0 | ||
| 008 | 170505b xxu||||| |||| 00| 0 eng d | ||
| 020 | _a9788120338449 | ||
| 040 | _c0 | ||
| 082 | _a519.2 SUN | ||
| 100 |
_aSundarapandian, V. _976 |
||
| 245 |
_aProbability, statistics, and queueing theory _cV.Sundarapandian |
||
| 260 |
_aNew Delhi, India _bPHI Learning _c2009 |
||
| 300 |
_ax, 809 p. _bill. ; |
||
| 500 | _aIncludes index. | ||
| 501 | _aP.B | ||
| 650 |
_a1. Probabilities. 2. Queuing theory. 3. Mathematical statistics. _977 |
||
| 942 |
_cBK _2ddc _k519.2 SUN |
||